[Event "Pan American Intercollegiate-chT"]
[Site "South Padre Island"]
[Date "2014.12.28"]
[Round "2.3"]
[White "Moradiabadi, Elshan"]
[Black "Mo, Kevin"]
[Result "1-0"]
[WhiteElo "2564"]
[BlackElo "2269"]
[PlyCount "42"]
[EventDate "2014.12.27"]
[EventType "team-swiss"]
[EventRounds "6"]
[EventCountry "USA"]
[SourceTitle "CBM 164 Extra"]
[Source "ChessBase"]
[SourceDate "2015.03.02"]
[SourceVersion "1"]
[SourceVersionDate "2015.03.02"]
[SourceQuality "1"]
[WhiteTeam "TXTEK"]
[BlackTeam "DUKE"]
[WhiteTeamCountry "USA"]
[BlackTeamCountry "USA"]

1. d4 d5 2. c4 c6 3. Nf3 Nf6 4. e3 e6 5. Bd3 Nbd7 6. b3 Bd6 7. Bb2 0-0 8. Nbd2 Re8 9. Ne5 c5 10. 0-0 Qc7 11. f4 dxc4 12. Ndxc4 Bf8 13. Rc1 b6 14. Nxd7 Nxd7 15. dxc5 Nxc5 16. Ne5 Qe7 17. Bxh7+ Kxh7 18. Qg4 Kg8 19. Rf3 f6 20. Rh3 fxe5 21. fxe5 Nd7 1-0

[Event "USA tt"]
[Site "ICC INT"]
[Date "2014.09.09"]
[Round "3"]
[White "Serna, Jeffrey M"]
[Black "Mo, Kevin"]
[Result "1/2-1/2"]
[WhiteElo "1962"]
[BlackElo "2269"]
[PlyCount "66"]
[EventDate "2014.08.26"]
[EventType "team-tourn"]
[EventRounds "10"]
[EventCountry "USA"]
[SourceTitle "CBM 162 Extra"]
[Source "ChessBase"]
[SourceDate "2014.10.17"]
[SourceVersion "1"]
[SourceVersionDate "2014.10.17"]
[SourceQuality "1"]
[WhiteTeam "Rio Grande"]
[BlackTeam "Carolina"]
[WhiteTeamCountry "USA"]
[BlackTeamCountry "USA"]

1. e4 e5 2. Nf3 Nc6 3. d4 exd4 4. Bc4 Bc5 5. c3 Nf6 6. e5 d5 7. Bb5 Ne4 8. Nxd4 0-0 9. Bxc6 bxc6 10. 0-0 Bd7 11. f3 Ng5 12. f4 Ne4 13. Be3 f5 14. Nd2 Qe7 15. Nxe4 fxe4 16. b4 Bb6 17. Qd2 a5 18. a3 g5 19. e6 gxf4 20. Rxf4 Rxf4 21. Bxf4 Bxe6 22. Be3 Bd7 23. Rf1 axb4 24. axb4 Rf8 25. Nb3 Rxf1+ 26. Kxf1 Qf6+ 27. Kg1 Kf7 28. Nc5 Bc8 29. Bd4 Qf5 30. Qh6 Qg6 31. Qf4+ Qf5 32. Qh6 Qg6 33. Qf4+ Qf5 1/2-1/2

[Event "USA tt"]
[Site "ICC INT"]
[Date "2014.08.26"]
[Round "1"]
[White "Francisco, Richard"]
[Black "Mo, Kevin"]
[Result "1-0"]
[WhiteElo "2281"]
[BlackElo "2269"]
[PlyCount "91"]
[EventDate "2014.08.26"]
[EventType "team-tourn"]
[EventRounds "10"]
[EventCountry "USA"]
[SourceTitle "CBM 162 Extra"]
[Source "ChessBase"]
[SourceDate "2014.10.17"]
[SourceVersion "1"]
[SourceVersionDate "2014.10.17"]
[SourceQuality "1"]
[WhiteTeam "Atlanta"]
[BlackTeam "Carolina"]
[WhiteTeamCountry "USA"]
[BlackTeamCountry "USA"]

1. e4 e5 2. Nf3 Nc6 3. Bb5 a6 4. Ba4 Nf6 5. d3 b5 6. Bb3 Be7 7. Nc3 d6 8. a4 b4 9. Nd5 Rb8 10. a5 0-0 11. h3 Nd4 12. Nxd4 exd4 13. 0-0 c6 14. Nb6 Be6 15. Nc4 Nd7 16. f4 d5 17. Nd2 dxe4 18. Bxe6 fxe6 19. Nxe4 Rb5 20. Qg4 Rff5 21. Ng3 Rf6 22. Nh5 Rg6 23. Qe2 Nf8 24. Bd2 Bd6 25. f5 exf5 26. Nf4 Rf6 27. c3 bxc3 28. bxc3 dxc3 29. Bxc3 Bc5+ 30. Kh1 Bd4 31. Qa2+ Rf7 32. Ne2 Bxc3 33. Nxc3 Rc5 34. Ne4 Rd5 35. Nc3 Rc5 36. Ne4 Re5 37. Qc4 Qd5 38. Nd2 Ne6 39. Qxa6 Re2 40. Nf3 Nf4 41. Qc4 Nxd3 42. Qxd5 cxd5 43. a6 Ra7 44. Nd4 Re8 45. Nb5 Raa8 46. Nc7 1-0

[Event "USA tt"]
[Site "ICC INT"]
[Date "2013.09.25"]
[Round "5"]
[White "Mo, Kevin"]
[Black "Priyadharshan, Kannappan"]
[Result "0-1"]
[WhiteElo "2269"]
[BlackElo "2425"]
[PlyCount "78"]
[EventDate "2013.08.27"]
[EventType "team-tourn"]
[EventRounds "10"]
[EventCountry "USA"]
[SourceTitle "CBM 156 Extra"]
[Source "ChessBase"]
[SourceDate "2013.10.22"]
[SourceVersion "1"]
[SourceVersionDate "2013.10.22"]
[SourceQuality "1"]
[WhiteTeam "Carolina"]
[BlackTeam "St Louis"]
[WhiteTeamCountry "USA"]
[BlackTeamCountry "USA"]

1. c4 c5 2. Nf3 Nc6 3. d4 cxd4 4. Nxd4 Nf6 5. Nc3 e6 6. a3 Be7 7. Bf4 d5 8. e3 0-0 9. cxd5 Nxd5 10. Nxd5 Qxd5 11. Nb5 Qxd1+ 12. Rxd1 e5 13. Bg3 Rd8 14. Rxd8+ Bxd8 15. Nd6 Ba5+ 16. Ke2 Bc7 17. Nxc8 Rxc8 18. Kd2 e4 19. Bb5 Na5 20. Rd1 Bxg3 21. hxg3 g6 22. b4 Nb3+ 23. Ke1 a6 24. Rb1 Nc1 25. Bf1 Rc2 26. f3 Nd3+ 27. Bxd3 exd3 28. Rb3 Re2+ 29. Kd1 Rxg2 30. Rxd3 Rxg3 31. Rd7 Rxf3 32. Ke2 Rf6 33. Rxb7 h5 34. a4 h4 35. Rd7 h3 36. Rd1 Rb6 37. b5 axb5 38. Rb1 h2 39. axb5 Rxb5 0-1

[Event "USA tt"]
[Site "ICC INT"]
[Date "2013.09.11"]
[Round "3"]
[White "Pruess, David"]
[Black "Mo, Kevin"]
[Result "1-0"]
[WhiteElo "2363"]
[BlackElo "2269"]
[PlyCount "59"]
[EventDate "2013.08.27"]
[EventType "team-tourn"]
[EventRounds "10"]
[EventCountry "USA"]
[SourceTitle "CBM 156 Extra"]
[Source "ChessBase"]
[SourceDate "2013.10.22"]
[SourceVersion "1"]
[SourceVersionDate "2013.10.22"]
[SourceQuality "1"]
[WhiteTeam "San Francisco"]
[BlackTeam "Carolina"]
[WhiteTeamCountry "USA"]
[BlackTeamCountry "USA"]

1. d4 d5 2. c4 c6 3. Nc3 Nf6 4. Nf3 e6 5. e3 Nbd7 6. Qc2 Bd6 7. Be2 0-0 8. 0-0 dxc4 9. Bxc4 b5 10. Be2 Bb7 11. Rd1 Qc7 12. e4 e5 13. Bg5 Rfe8 14. Rac1 Rac8 15. Qd3 Qa5 16. dxe5 Bxe5 17. Nxe5 Nxe5 18. Qg3 Ng6 19. Bxf6 gxf6 20. Rd7 Ba8 21. h4 b4 22. Bc4 Rf8 23. Ne2 Rcd8 24. Rcd1 Rxd7 25. Rxd7 Qc5 26. b3 a5 27. Nf4 Kh8 28. Rxf7 Rxf7 29. Nxg6+ hxg6 30. Bxf7 1-0

[Event "USA tt"]
[Site "ICC INT"]
[Date "2013.08.27"]
[Round "1"]
[White "Mo, Kevin"]
[Black "Becerra Rivero, Julio"]
[Result "0-1"]
[WhiteElo "2269"]
[BlackElo "2547"]
[PlyCount "106"]
[EventDate "2013.08.27"]
[EventType "team-tourn"]
[EventRounds "10"]
[EventCountry "USA"]
[SourceTitle "CBM 156 Extra"]
[Source "ChessBase"]
[SourceDate "2013.10.22"]
[SourceVersion "1"]
[SourceVersionDate "2013.10.22"]
[SourceQuality "1"]
[WhiteTeam "Carolina"]
[BlackTeam "Miami"]
[WhiteTeamCountry "USA"]
[BlackTeamCountry "USA"]

1. e4 e5 2. Nf3 Nc6 3. Bb5 a6 4. Ba4 Nf6 5. 0-0 Be7 6. Re1 b5 7. Bb3 d6 8. c3 0-0 9. h3 Na5 10. Bc2 d5 11. d3 Nc6 12. Nbd2 Bb7 13. Nf1 dxe4 14. dxe4 Qxd1 15. Rxd1 Rfd8 16. Rxd8+ Rxd8 17. Ng3 g6 18. Bg5 Kg7 19. Rd1 Rxd1+ 20. Bxd1 Nd7 21. Bxe7 Nxe7 22. Bc2 Nc8 23. Kf1 Nd6 24. b3 f6 25. Ke2 Kf8 26. Nd2 c5 27. Ke3 Ke7 28. f3 a5 29. Bd3 Bc6 30. h4 Nb6 31. h5 b4 32. hxg6 hxg6 33. Ne2 Be8 34. g3 g5 35. g4 Bf7 36. c4 a4 37. Nf1 Ndxc4+ 38. bxc4 Nxc4+ 39. Kf2 Na3 40. Nc1 c4 41. Be2 b3 42. axb3 axb3 43. Nd2 b2 44. Na2 b1Q 45. Nxb1 Nxb1 46. Ke3 Kd6 47. Bd1 c3 48. Nb4 Bc4 49. Bc2 Nd2 50. Bd1 Kc5 51. Nc2 Bb3 52. Kd3 Bxc2+ 53. Kxc2 Kd4 0-1

[Event "Arlington DC op 1st"]
[Site "Arlington"]
[Date "2013.06.30"]
[Round "8"]
[White "Maldonado, Oscar"]
[Black "Mo, Kevin"]
[Result "0-1"]
[WhiteElo "2194"]
[BlackElo "2273"]
[PlyCount "62"]
[EventDate "2013.06.27"]
[EventType "swiss"]
[EventRounds "9"]
[EventCountry "USA"]
[SourceTitle "CBM 155 Extra"]
[Source "ChessBase"]
[SourceDate "2013.08.26"]
[SourceVersion "1"]
[SourceVersionDate "2013.08.26"]
[SourceQuality "1"]

1. d4 Nf6 2. c4 g6 3. Nc3 Bg7 4. e4 d6 5. Nf3 0-0 6. Be2 e5 7. 0-0 Nc6 8. d5 Ne7 9. b4 Ne8 10. c5 f5 11. Ng5 h6 12. Ne6 Bxe6 13. dxe6 fxe4 14. cxd6 Nxd6 15. Qb3 Kh7 16. Rd1 Nc6 17. Nxe4 Nd4 18. Qd3 Qh4 19. Nxd6 Qxf2+ 20. Kh1 cxd6 21. e7 Rfe8 22. Bf1 Rxe7 23. Be3 Qh4 24. Bxd4 exd4 25. g3 Qh5 26. Qb5 Qe5 27. Bd3 Rc8 28. Re1 Qxe1+ 29. Rxe1 Rxe1+ 30. Kg2 Rc3 31. Bf1 a6 0-1

[Event "Arlington DC op 1st"]
[Site "Arlington"]
[Date "2013.06.29"]
[Round "6"]
[White "Beilin, Allan"]
[Black "Mo, Kevin"]
[Result "1/2-1/2"]
[WhiteElo "2002"]
[BlackElo "2273"]
[PlyCount "79"]
[EventDate "2013.06.27"]
[EventType "swiss"]
[EventRounds "9"]
[EventCountry "USA"]
[SourceTitle "CBM 155 Extra"]
[Source "ChessBase"]
[SourceDate "2013.08.26"]
[SourceVersion "1"]
[SourceVersionDate "2013.08.26"]
[SourceQuality "1"]

1. e4 c5 2. Nf3 d6 3. d4 cxd4 4. Nxd4 Nf6 5. Nc3 a6 6. Be2 e5 7. Nb3 Be7 8. 0-0 0-0 9. Be3 Be6 10. Nd5 Bxd5 11. exd5 Nbd7 12. c4 Qc7 13. Rc1 Rfe8 14. Nd2 a5 15. b3 Bf8 16. f3 g6 17. Ne4 Nh5 18. Qd2 b6 19. a3 Ng7 20. Nc3 Nf5 21. Nb5 Qd8 22. b4 axb4 23. axb4 Ra4 24. Ra1 Rxa1 25. Rxa1 h5 26. Ra7 e4 27. f4 Bg7 28. g4 hxg4 29. Bxg4 Nxe3 30. Bxd7 Re7 31. Qxe3 Rxd7 32. Qxe4 Rxa7 33. Nxa7 Qf6 34. Nc6 Qa1+ 35. Kf2 Qb2+ 36. Kg3 Qc3+ 37. Kg2 Qb2+ 38. Kg3 Qc3+ 39. Kg2 Qb2+ 40. Kg3 1/2-1/2

[Event "Arlington DC op 1st"]
[Site "Arlington"]
[Date "2013.06.28"]
[Round "3"]
[White "Mo, Kevin"]
[Black "Polgar, Tom"]
[Result "1-0"]
[WhiteElo "2273"]
[BlackElo "2075"]
[PlyCount "99"]
[EventDate "2013.06.27"]
[EventType "swiss"]
[EventRounds "9"]
[EventCountry "USA"]
[SourceTitle "CBM 155 Extra"]
[Source "ChessBase"]
[SourceDate "2013.08.26"]
[SourceVersion "1"]
[SourceVersionDate "2013.08.26"]
[SourceQuality "1"]

1. e4 c5 2. Nf3 Nc6 3. d4 cxd4 4. Nxd4 g6 5. c4 Nf6 6. Nc3 Nxd4 7. Qxd4 d6 8. Be3 Bg7 9. Rd1 Qa5 10. Be2 0-0 11. Qd2 Be6 12. 0-0 Rfc8 13. b3 a6 14. Na4 Qxd2 15. Bxd2 Nd7 16. f4 f5 17. exf5 Bxf5 18. Bf3 Rab8 19. Nc3 b5 20. Nd5 Bd4+ 21. Kh1 Kf8 22. Rfe1 bxc4 23. Nxe7 Bc2 24. Nxc8 Bxd1 25. Rxd1 Rxc8 26. Bg4 Rc7 27. Bxd7 Rxd7 28. Bb4 Be3 29. Rxd6 Rxd6 30. Bxd6+ Ke8 31. bxc4 Kd7 32. c5 Kc6 33. g4 a5 34. Kg2 a4 35. Kf3 Bg1 36. f5 gxf5 37. gxf5 Bxc5 38. Bxc5 Kxc5 39. Kf4 Kd6 40. a3 h6 41. Ke4 Ke7 42. Ke5 Kf7 43. f6 h5 44. h4 Kf8 45. Kf5 Kf7 46. Kg5 Kf8 47. Kxh5 Kf7 48. Kg5 Kg8 49. Kg6 Kh8 50. Kf7 1-0

[Event "Philadelphia op 7th"]
[Site "Philadelphia"]
[Date "2013.03.30"]
[Round "7"]
[White "Mo, Kevin"]
[Black "Williams, Justus D"]
[Result "1-0"]
[WhiteElo "2282"]
[BlackElo "2188"]
[PlyCount "79"]
[EventDate "2013.03.27"]
[EventType "swiss"]
[EventRounds "9"]
[EventCountry "USA"]
[SourceTitle "CBM 153 Extra"]
[Source "ChessBase"]
[SourceDate "2013.04.22"]
[SourceVersion "1"]
[SourceVersionDate "2013.04.22"]
[SourceQuality "1"]

1. e4 c5 2. Nf3 d6 3. d4 cxd4 4. Nxd4 Nf6 5. Nc3 a6 6. Bg5 e6 7. f4 Be7 8. Qf3 h6 9. Bh4 Nbd7 10. 0-0-0 Qc7 11. Be2 b5 12. e5 Bb7 13. exf6 Bxf3 14. Bxf3 Bxf6 15. Bxf6 Rc8 16. Bh4 b4 17. Ne4 d5 18. Nd2 Qxf4 19. Bf2 e5 20. Rhe1 0-0 21. Be3 Qf6 22. N4b3 d4 23. Bg1 a5 24. Nxa5 Qg6 25. Be4 Qa6 26. Ndb3 Rc7 27. Kb1 Rfc8 28. Bf5 f6 29. g4 Qb6 30. Bd3 Ra8 31. Nc4 Qa6 32. Nca5 Qa7 33. Be4 Rac8 34. h4 Qb6 35. Bd3 Ra8 36. Nc4 Qa6 37. Nca5 Qc8 38. Be4 Raa7 39. Bh2 Nb6 40. Rg1 1-0

[Event "US Open-113"]
[Site "Vancouver"]
[Date "2012.08.09"]
[Round "6"]
[White "Mo, Kevin"]
[Black "Tyagi, Kushan"]
[Result "1-0"]
[WhiteElo "2243"]
[BlackElo "2049"]
[PlyCount "100"]
[EventDate "2012.08.04"]
[EventType "swiss"]
[EventRounds "9"]
[EventCountry "USA"]
[SourceTitle "CBM 149 Extra"]
[Source "ChessBase"]
[SourceDate "2012.08.24"]
[SourceVersion "1"]
[SourceVersionDate "2012.08.24"]
[SourceQuality "1"]

1. e4 c6 2. d4 d5 3. e5 Bf5 4. Nd2 e6 5. Nb3 Nd7 6. Nf3 Ne7 7. Be2 Nc8 8. 0-0 Be7 9. Be3 0-0 10. Ne1 f6 11. f4 fxe5 12. fxe5 Bg5 13. Qd2 Bxe3+ 14. Qxe3 Ne7 15. Nd3 b6 16. g4 Bxd3 17. Bxd3 Ng6 18. Nd2 Qh4 19. Qg3 c5 20. Qxh4 Nxh4 21. c3 c4 22. Bc2 b5 23. a4 a6 24. axb5 axb5 25. Rxf8+ Rxf8 26. Ra7 Rf7 27. Ra8+ Rf8 28. Ra6 Rf4 29. Bd1 Kf7 30. Ra7 Ke7 31. Rb7 g5 32. Rxb5 Nf8 33. Rb7+ Kd8 34. h3 h6 35. Rg7 Ke8 36. Ba4+ Kd8 37. Rg8 Ke7 38. Rh8 Nfg6 39. Rxh6 Rf7 40. Bc2 Nf4 41. Kh2 Nd3 42. Rf6 Rxf6 43. exf6+ Kxf6 44. Bxd3 cxd3 45. Kg3 Ng6 46. Kf3 e5 47. Ke3 Nf4 48. dxe5+ Kxe5 49. Nf3+ Kf6 50. Ne1 Nxh3 1-0

[Event "US op quads 113th"]
[Site "Vancouver"]
[Date "2012.08.07"]
[Round "2"]
[White "Sinanan, Joshua C"]
[Black "Mo, Kevin"]
[Result "0-1"]
[WhiteElo "2262"]
[BlackElo "2309"]
[PlyCount "53"]
[EventDate "2012.08.06"]
[EventType "swiss"]
[EventRounds "3"]
[EventCountry "USA"]
[SourceTitle "CBM 149 Extra"]
[Source "ChessBase"]
[SourceDate "2012.08.24"]
[SourceVersion "1"]
[SourceVersionDate "2012.08.24"]
[SourceQuality "1"]

1. d4 d5 2. c4 c6 3. Nf3 Nf6 4. e3 e6 5. Bd3 Ne4 6. 0-0 Bd6 7. b3 0-0 8. Ba3 Bxa3 9. Nxa3 Qe7 10. Qc1 Nd7 11. Qb2 b6 12. b4 Bb7 13. Rfc1 a5 14. b5 c5 15. Nb1 Rac8 16. Nbd2 Nxd2 17. Nxd2 cxd4 18. exd4 dxc4 19. Nxc4 g6 20. a4 Rc7 21. Rc3 Rfc8 22. Rac1 Bd5 23. Ne3 Nf6 24. Rxc7 Rxc7 25. Rxc7 Qxc7 26. h3 Kg7 27. Bf1 0-1

[Event "Philadelphia int op 9th"]
[Site "Philadelphia"]
[Date "2012.07.02"]
[Round "8"]
[White "Mo, Kevin"]
[Black "Getz, Alec S"]
[Result "1/2-1/2"]
[WhiteElo "2233"]
[BlackElo "2321"]
[PlyCount "69"]
[EventDate "2012.06.29"]
[EventType "swiss"]
[EventRounds "9"]
[EventCountry "USA"]
[SourceTitle "CBM 149 Extra"]
[Source "ChessBase"]
[SourceDate "2012.08.24"]
[SourceVersion "1"]
[SourceVersionDate "2012.08.24"]
[SourceQuality "1"]

1. e4 c5 2. Nf3 d6 3. d4 cxd4 4. Nxd4 Nf6 5. Nc3 Nc6 6. Bg5 Qb6 7. Nb3 e6 8. Bxf6 gxf6 9. Qd2 Bd7 10. 0-0-0 a6 11. f4 0-0-0 12. Be2 h5 13. Rhf1 h4 14. Kb1 Kb8 15. Rf3 Be7 16. Bf1 Rh5 17. f5 Ne5 18. Rf4 Rdh8 19. Nd4 Rg5 20. Nf3 Nxf3 21. Rxf3 Qc5 22. h3 Bc6 23. Rf4 Rgh5 24. Be2 Rg5 25. Bf3 Qe5 26. Ne2 Rg7 27. Qe1 Rgh7 28. Qf2 Qc5 29. Qe1 Qe5 30. Rg4 exf5 31. exf5 Bxf3 32. gxf3 Qxf5 33. Nd4 Qd7 34. Qe4 Rh5 35. Qd3 1/2-1/2

[Event "Philadelphia op 6th"]
[Site "Philadelphia"]
[Date "2012.04.04"]
[Round "1"]
[White "Friedel, Joshua E"]
[Black "Mo, Kevin"]
[Result "1-0"]
[WhiteElo "2520"]
[BlackElo "2180"]
[PlyCount "41"]
[EventDate "2012.04.04"]
[EventType "swiss"]
[EventRounds "9"]
[EventCountry "USA"]
[SourceTitle "CBM 147 Extra"]
[Source "ChessBase"]
[SourceDate "2012.04.24"]
[SourceVersion "1"]
[SourceVersionDate "2012.04.24"]
[SourceQuality "1"]

1. e4 c5 2. Nf3 d6 3. d4 cxd4 4. Nxd4 Nf6 5. Nc3 a6 6. f4 Nbd7 7. a4 g6 8. Nf3 Qc7 9. Bd3 Bg7 10. 0-0 0-0 11. Qe1 Nc5 12. Kh1 Rb8 13. Qh4 Nxd3 14. cxd3 Qc5 15. f5 gxf5 16. d4 Qa5 17. Bh6 fxe4 18. Ng5 Bf5 19. b4 Qxb4 20. Rxf5 Qxc3 21. Raf1 1-0

[Event "Continental Class-ch"]
[Site "Arlington"]
[Date "2011.10.10"]
[Round "8"]
[White "Betaneli, Alexander"]
[Black "Mo, Kevin"]
[Result "1-0"]
[WhiteElo "2270"]
[BlackElo "2098"]
[PlyCount "35"]
[EventDate "2011.10.06"]
[EventType "swiss"]
[EventRounds "9"]
[EventCountry "USA"]
[SourceTitle "CBM 144 Extra"]
[Source "ChessBase"]
[SourceDate "2011.10.28"]
[SourceVersion "1"]
[SourceVersionDate "2011.10.28"]
[SourceQuality "1"]

1. e4 c5 2. b3 Nf6 3. e5 Nd5 4. Bb2 Nc6 5. g3 d6 6. exd6 e5 7. Bg2 Qxd6 8. Na3 Be6 9. Qe2 f6 10. f4 Ndb4 11. fxe5 fxe5 12. Nf3 Nd4 13. Nxd4 exd4 14. Nb5 Qd7 15. 0-0 0-0-0 16. Rae1 Bd5 17. Qe5 b6 18. Bh3 1-0

[Event "Continental Class-ch"]
[Site "Arlington"]
[Date "2011.10.09"]
[Round "7"]
[White "Mo, Kevin"]
[Black "Adu, Oladapo"]
[Result "1/2-1/2"]
[WhiteElo "2098"]
[BlackElo "2250"]
[PlyCount "212"]
[EventDate "2011.10.06"]
[EventType "swiss"]
[EventRounds "9"]
[EventCountry "USA"]
[SourceTitle "CBM 144 Extra"]
[Source "ChessBase"]
[SourceDate "2011.10.28"]
[SourceVersion "1"]
[SourceVersionDate "2011.10.28"]
[SourceQuality "1"]

1. e4 c5 2. Nf3 e6 3. d4 cxd4 4. Nxd4 a6 5. Bd3 Qc7 6. 0-0 Nf6 7. Be3 Be7 8. f4 d6 9. Nd2 Nbd7 10. c3 b5 11. Qf3 Bb7 12. Rae1 h5 13. h3 h4 14. Bf2 Nh5 15. Qe3 Rc8 16. e5 dxe5 17. fxe5 Nc5 18. Bb1 g5 19. N2f3 Nf4 20. Ne2 Nd5 21. Qc1 g4 22. hxg4 h3 23. Nf4 hxg2 24. Kxg2 Kd7 25. Nxd5 Bxd5 26. Rd1 Rcg8 27. Rxd5+ exd5 28. Bf5+ Ke8 29. Qd2 Qc6 30. Bxc5 Qxc5 31. Rd1 Qc4 32. Qxd5 Qe2+ 33. Kg3 Kf8 34. b4 Qe3 35. Kg2 Qxc3 36. e6 Rh6 37. exf7 Rgh8 38. Qd7 Rh2+ 39. Nxh2 Qh3+ 40. Kf2 Qxh2+ 41. Ke3 Rh3+ 42. Kd4 Qf4+ 43. Be4 Bf6+ 44. Kd5 Qe5+ 45. Kc6 Qxe4+ 46. Kb6 Ra3 47. g5 Qe3+ 48. Kb7 Bxg5 49. Qe8+ Qxe8 50. fxe8Q+ Kxe8 51. Rd6 Ra4 52. a3 a5 53. Rb6 axb4 54. axb4 Rxb4 55. Kc6 Rd4 56. Rxb5 Be7 57. Rf5 Rb4 58. Kd5 Kd7 59. Rf7 Rb5+ 60. Ke4 Ke6 61. Rh7 Bf6 62. Ra7 Rb4+ 63. Kd3 Be5 64. Ra8 Bd6 65. Re8+ Kd5 66. Rd8 Rb3+ 67. Ke2 Ke5 68. Re8+ Kd4 69. Rd8 Re3+ 70. Kd2 Re6 71. Rd7 Kc4 72. Kc2 Bb4 73. Rc7+ Bc5 74. Rc8 Re2+ 75. Kd1 Rg2 76. Ke1 Kd5 77. Kd1 Kc4 78. Ke1 Kd4 79. Kf1 Rc2 80. Rd8+ Ke4 81. Ke1 Bd4 82. Kd1 Rg2 83. Rc8 Kd3 84. Re8 Rf2 85. Re7 Rf1+ 86. Re1 Rf7 87. Re8 Rb7 88. Rc8 Rb1+ 89. Rc1 Rb2 90. Rc8 Rd2+ 91. Kc1 Rb2 92. Kd1 Rh2 93. Re8 Rd2+ 94. Ke1 Ra2 95. Kf1 Rf2+ 96. Ke1 Rf7 97. Kd1 Bb6 98. Re6 Bc5 99. Re8 Rf6 100. Rd8+ Bd4 101. Re8 Ra6 102. Rc8 Bf6 103. Rc7 Ra2 104. Rd7+ Bd4 105. Rc7 Rd2+ 106. Kc1 Bb2+ 1/2-1/2

[Event "USA-ch U16"]
[Site "Crossville"]
[Date "2011.07.12"]
[Round "2"]
[White "Ostrovskiy, Aleksandr A"]
[Black "Mo, Kevin"]
[Result "1-0"]
[WhiteElo "2294"]
[BlackElo "2095"]
[PlyCount "45"]
[EventDate "2011.07.12"]
[EventType "tourn"]
[EventRounds "7"]
[EventCountry "USA"]
[SourceTitle "CBM 143 Extra"]
[Source "ChessBase"]
[SourceDate "2011.08.29"]
[SourceVersion "1"]
[SourceVersionDate "2011.08.29"]
[SourceQuality "1"]

1. e4 c5 2. Nf3 d6 3. d4 cxd4 4. Nxd4 Nf6 5. Nc3 a6 6. Be3 e5 7. Nf3 Be7 8. Bc4 Be6 9. Bxe6 fxe6 10. 0-0 0-0 11. Na4 Ng4 12. Qd3 Nxe3 13. Qxe3 b5 14. Nb6 Ra7 15. Nd5 Nc6 16. Qd3 Rd7 17. a4 bxa4 18. Nxe7+ Nxe7 19. Qxa6 Qb8 20. Qxa4 Rb7 21. b3 Rb4 22. Qd7 Ng6 23. Ra7 1-0

[Event "Chicago op 20th"]
[Site "Wheeling"]
[Date "2011.05.29"]
[Round "7"]
[White "Andrews, Todd D"]
[Black "Mo, Kevin"]
[Result "1-0"]
[WhiteElo "2291"]
[BlackElo "2065"]
[PlyCount "67"]
[EventDate "2011.05.26"]
[EventType "swiss"]
[EventRounds "9"]
[EventCountry "USA"]
[SourceTitle "CBM 142 Extra"]
[Source "ChessBase"]
[SourceDate "2011.06.27"]
[SourceVersion "1"]
[SourceVersionDate "2011.06.27"]
[SourceQuality "1"]

1. e4 c5 2. Nf3 d6 3. d4 cxd4 4. Nxd4 Nf6 5. Nc3 a6 6. Bc4 e6 7. Bb3 Nbd7 8. Qe2 Nc5 9. g4 Be7 10. g5 Nfd7 11. h4 Qc7 12. Be3 b5 13. 0-0-0 Bb7 14. f3 0-0-0 15. a3 Kb8 16. Kb1 g6 17. Ba2 Ne5 18. Rd2 Qa5 19. Nb3 Nxb3 20. Bxb3 Rc8 21. Qf2 Qc7 22. Bd4 Rhg8 23. Rhd1 Nc4 24. Rd3 Rgd8 25. Bxc4 Qxc4 26. Bb6 Rh8 27. Na2 Qc6 28. Nb4 Qe8 29. Rxd6 Bxd6 30. Rxd6 Qe7 31. e5 Ka8 32. Qd2 h6 33. Rd7 Qe8 34. Nxa6 1-0

[Event "Chicago op 20th"]
[Site "Wheeling"]
[Date "2011.05.27"]
[Round "3"]
[White "Mo, Kevin"]
[Black "Krush, Irina"]
[Result "1/2-1/2"]
[WhiteElo "2065"]
[BlackElo "2469"]
[PlyCount "57"]
[EventDate "2011.05.26"]
[EventType "swiss"]
[EventRounds "9"]
[EventCountry "USA"]
[SourceTitle "CBM 142 Extra"]
[Source "ChessBase"]
[SourceDate "2011.06.27"]
[SourceVersion "1"]
[SourceVersionDate "2011.06.27"]
[SourceQuality "1"]

1. e4 c5 2. Nf3 e6 3. d4 cxd4 4. Nxd4 Nc6 5. Nc3 Qc7 6. Be3 a6 7. Qd2 Nf6 8. 0-0-0 Bb4 9. f3 Ne5 10. a3 Bxc3 11. Qxc3 Qxc3 12. bxc3 d5 13. exd5 Nxd5 14. Bd2 b5 15. Nf5 0-0 16. Re1 Ng6 17. Ne3 Bb7 18. c4 Nxe3 19. Rxe3 bxc4 20. Bxc4 Rfc8 21. Rc3 Ne7 22. Bd3 Nd5 23. Rxc8+ Rxc8 24. Kb2 Nb6 25. Rb1 Nc4+ 26. Bxc4 Rxc4 27. Kc1 Bc8 28. Rb4 Rc6 29. Kb2 1/2-1/2

[Event "US Open-111"]
[Site "Irvine"]
[Date "2010.08.04"]
[Round "?"]
[White "Mo, Kevin"]
[Black "Bercys, Salvijus"]
[Result "0-1"]
[WhiteElo "1964"]
[BlackElo "2418"]
[PlyCount "48"]
[EventDate "2010.07.31"]
[EventType "swiss"]
[EventRounds "9"]
[EventCountry "USA"]
[SourceTitle "CBM 137 Extra"]
[Source "ChessBase"]
[SourceDate "2010.09.01"]
[SourceVersion "1"]
[SourceVersionDate "2010.09.01"]
[SourceQuality "1"]

1. e4 e6 2. d4 d5 3. Nd2 Be7 4. Bd3 c5 5. dxc5 Nf6 6. Qe2 0-0 7. Ngf3 a5 8. 0-0 Na6 9. e5 Nd7 10. c3 Naxc5 11. Bc2 b6 12. Re1 f6 13. Nf1 Ba6 14. Qd1 fxe5 15. Nxe5 Nxe5 16. Rxe5 Rf7 17. Ng3 Bf6 18. Re1 e5 19. Nh5 e4 20. Nxf6+ Qxf6 21. Be3 Qf5 22. Qd4 Bd3 23. Bb3 Rd7 24. Red1 a4 0-1